Elemente des Eisenbaues. Grundlagen für das Berechnen und Entwerfen von Eisenbauwerken

Bibliographische Detailangaben
1. Verfasser: Striepling A. Alfred
Sprache:Deutsch
Veröffentlicht: Berlin, Verlag von Wilhelm Ernst & Sohn, 1927
Schlagworte:
Format: MixedMaterials Buch
KOHA link:https://koha.lib.tpu.ru/cgi-bin/koha/opac-detail.pl?biblionumber=194656

MARC

LEADER 00000nam0a2200000 4500
001 194656
005 20231031182416.0
035 |a (RuTPU)RU\TPU\book\212313 
090 |a 194656 
100 |a 20110420d1927 km y0gery50 ba 
101 0 |a ger 
102 |a DE 
105 |a a z 000zy 
200 1 |a Elemente des Eisenbaues. Grundlagen für das Berechnen und Entwerfen von Eisenbauwerken  |d Элементы монтажа металлоконструкций  |f A. Striepling 
210 |a Berlin  |c Verlag von Wilhelm Ernst & Sohn  |d 1927 
215 |a 104 s.  |c il. 
510 1 |a Элементы монтажа металлоконструкций  |z eng 
610 1 |a металлические конструкции 
610 1 |a монтаж 
610 1 |a немецкий язык 
675 |a 693.8  |v 3 
700 1 |a Striepling  |b A.  |g Alfred 
801 1 |a RU  |b 63413507  |c 20110420 
801 2 |a RU  |b 63413507  |c 20110510  |g RCR 
942 |c BK